| 000 | 00850nam a2200253Ia 4500 | ||
|---|---|---|---|
| 003 | OSt | ||
| 005 | 20220615124924.0 | ||
| 008 | 210716s2009 xx 000 0 und d | ||
| 020 | _a9788180522598 | ||
| 040 | _cAIMIT LIBRARY | ||
| 041 | _aeng | ||
| 082 |
_a511.42 _21 _bAHMQ |
||
| 100 |
_aAhmad, Qazi Shoeb. _942652 |
||
| 245 |
_aNumerical and statistical techniques / _cBy Qazi Shoeb Ahmad, Zubair Khan and Shadab Ahmad Khan. |
||
| 250 | _a1st | ||
| 260 |
_aNew Delhi : _bAne Books Pvt Ltd , _c2009. |
||
| 300 |
_axiii,433p. ; _c24 cm. |
||
| 650 |
_aSolution of algebraic and transcendental equations _942653 |
||
| 650 |
_aFinite Differences _942654 |
||
| 650 |
_aNumerical solution of ordinary differential equations _942655 |
||
| 700 |
_aKhan, Zubair. _942656 |
||
| 700 |
_aKhan, Shadab Ahmad. _942657 |
||
| 942 |
_2ddc _cBK _e1st _k511.42 AHMQ |
||
| 999 |
_c190009 _d190009 |
||